El gran alcaide de Morón, Diego de Figueredo, en el último tercio del siglo XV (Record no. 26602)

MARC details
000 -LEADER
campo de control de longitud fija 01503nam a2200337 i 4500
001 - NÚMERO DE CONTROL
campo de control 26602
003 - IDENTIFICADOR DE NÚMERO DE CONTROL
campo de control ES-MaACL
005 - FECHA Y HORA DE LA ÚLTIMA TRANSACCIÓN
campo de control 20260327112609.0
008 - DATOS DE LONGITUD FIJA--INFORMACIÓN GENERAL
campo de control de longitud fija 050506s1916 sp 000 0 spa
016 7# - NÚMERO DE CONTROL DE UNA AGENCIA BIBLIOGRÁFICA NACIONAL
Número de control del registro bimoBNE20050274193
Fuente SpMaBN
035 ## - NÚMERO DE CONTROL DEL SISTEMA
Número de control de sistema (OCoLC)433456749
035 ## - NÚMERO DE CONTROL DEL SISTEMA
Número de control de sistema (SpMaBN)bimo0002021599
040 ## - FUENTE DE CATALOGACIÓN
Centro catalogador/agencia de origen SpMaBN
Lengua de catalogación spa
Centro/agencia transcriptor SpMaBN
Normas de descripción rdc
Centro/agencia modificador SpMaBN
080 ## - NÚMERO DE LA CLASIFICACIÓN DECIMAL UNIVERSAL
Número de la Clasificación Decimal Universal 929 Figueredo, Diego de
080 ## - NÚMERO DE LA CLASIFICACIÓN DECIMAL UNIVERSAL
Número de la Clasificación Decimal Universal 94(460.353 Morón)
080 ## - NÚMERO DE LA CLASIFICACIÓN DECIMAL UNIVERSAL
Número de la Clasificación Decimal Universal 94(460)"0711/1492"
100 ## - ENTRADA PRINCIPAL--NOMBRE DE PERSONA
Nombre de persona Pilares, Ramón Auñón y Villalón,
Títulos y otros términos asociados al nombre Marqués de,
Fechas asociadas al nombre 1844-1925
9 (RLIN) 239905
245 13 - MENCIÓN DEL TÍTULO
Título El gran alcaide de Morón, Diego de Figueredo, en el último tercio del siglo XV
Medio [Texto impreso]
Mención de responsabilidad, etc. Ramón Auñón y Villalón
260 ## - PUBLICACIÓN, DISTRIBUCIÓN, ETC.
Lugar de publicación, distribución, etc. [S.l.]
Nombre del editor, distribuidor, etc. [s.n.]
Fecha de publicación, distribución, etc. 1916
Lugar de fabricación/manufactura Madrid
Fabricante Imp. del Ministerio de Marina
300 ## - DESCRIPCIÓN FÍSICA
Extensión 110 p.
Otras características físicas il.
Dimensiones 23 cm
600 17 - PUNTO DE ACCESO ADICIONAL DE MATERIA--NOMBRE DE PERSONA
Nombre de persona Figueredo, Diego de,
Fechas asociadas al nombre fl. s. XV
Número de control del registro de autoridad o número normalizado http://datos.bne.es/resource/XX1717178
9 (RLIN) 150783
651 #7 - PUNTO DE ACCESO ADICIONAL DE MATERIA--NOMBRE GEOGRÁFICO
Nombre geográfico Morón de la Frontera
Subdivisión general Historia
Fuente del encabezamiento o término embne
9 (RLIN) 150784
651 #0 - PUNTO DE ACCESO ADICIONAL DE MATERIA--NOMBRE GEOGRÁFICO
Nombre geográfico España-
Subdivisión general Historia-
Subdivisión cronológica 711-1492 (Reconquista)
9 (RLIN) 234468
852 ## - LOCALIZACIÓN
Ubicación ES-MaACL
Ubicación en estantería Depósito folletos
Número de control de estantería 1510-F-4
Nota libre Revisado enlace: 27 de Marzo de 2025.
itemnumber 27604
856 4# - LOCALIZACIÓN Y ACCESO ELECTRÓNICOS
Identificador Uniforme de Recursos <a href="http://bdh-rd.bne.es/viewer.vm?id=0000123950&page=1">http://bdh-rd.bne.es/viewer.vm?id=0000123950&page=1</a>
Texto de enlace Biblioteca Digital Hispánica
942 ## - ELEMENTOS DE ENTRADA SECUNDARIOS (KOHA)
Fuente del sistema de clasificación o colocación Clasificación decimal universal
956 ## - LOCALIZACIÓN Y ACCESO ELECTRÓNICOS LOCAL (OCLC)
Nombre del host 1 2
980 ## - EQUIVALENCIA O REFERENCIA-CRUZADA-MENCIÓN DE SERIE--NOMBRE DE PERSONA/TÍTULO [LOCAL, CANADÁ]
Nombre de persona Rústica
Lenguaje de la obra Papel ácido
-- Cubierta rasgada
Nombre de persona SpMaBN
Numeración BNMADRID
Calificador de atribución VC/599/24
Títulos y otros términos asociados al nombre SG_RECOLET
980 ## - EQUIVALENCIA O REFERENCIA-CRUZADA-MENCIÓN DE SERIE--NOMBRE DE PERSONA/TÍTULO [LOCAL, CANADÁ]
Nombre de persona García Figueras
-- Rústica
Lenguaje de la obra Papel ácido
-- Cubierta suelta
Nombre de persona SpMaBN
Numeración BNALCALA
Calificador de atribución AFRGFC/24/14
Títulos y otros términos asociados al nombre SG_PETANTI
Holdings
Estatus retirado Estado de pérdida Estado de daño No para préstamo Colección Biblioteca de origen Biblioteca actual Ubicación en estantería Fecha de adquisición Fuente de adquisición Total de préstamos Signatura topográfica completa Código de barras Visto por última vez Precio de reemplazo Tipo de ítem Koha
        Colección de folletos Biblioteca del Ateneo de Madrid Biblioteca del Ateneo de Madrid Depósito folletos 17/01/2008     1510-F-4 1027453 23/02/2023 23/02/2023 Folleto